Statistics for U.S. States w/ Highest % Dog Ownership

Click here to take the quiz!

General Stats

  • This quiz has been taken 16 times
  • The average score is 9 of 10

Answer Stats

HintAnswer% Correct
47.9%Arkansas
94%
44.0Texas
94%
44.1Alabama
88%
45.9Kentucky
88%
45.2Mississippi
88%
43.1Oklahoma
88%
44.1Tennessee
88%
45.9Missouri
81%
46.0New Mexico
81%
45.8West Virginia
81%

Score Distribution

Percentile by Number Answered

Percent of People with Each Score

Your Score History

You have not taken this quiz